Online katalóg knižníc regiónu Turca

Moje najmilšie rozprávky (Record no. 21680)

MARC details
000 -LEADER
fixed length control field 01783cam a2200493 a 4500
001 - CONTROL NUMBER
control field 21680
003 - CONTROL NUMBER IDENTIFIER
control field VRT
005 - DATE AND TIME OF LATEST TRANSACTION
control field 20260309091125.0
008 - FIXED-LENGTH DATA ELEMENTS--GENERAL INFORMATION
fixed length control field 151112s2012 xo a 000 0 slo
015 ## - NATIONAL BIBLIOGRAPHY NUMBER
National bibliography number SNBA2013
020 ## - INTERNATIONAL STANDARD BOOK NUMBER
International Standard Book Number 9788055607528 (viaz.)
035 ## - SYSTEM CONTROL NUMBER
System control number BB20E630-344C-4D24-91D8-74EC9F78BE36
035 ## - SYSTEM CONTROL NUMBER
System control number urn:nbn:sk:snk-amjyg9
035 ## - SYSTEM CONTROL NUMBER
System control number urn:nbn:sk:snk-am0083vv
039 #9 - LEVEL OF BIBLIOGRAPHIC CONTROL AND CODING DETAIL [OBSOLETE]
Level of rules in bibliographic description 202406190929
Level of effort used to assign nonsubject heading access points AUTHORITY
Level of effort used to assign subject headings 202406190929
Level of effort used to assign classification AUTHORITY
Level of effort used to assign subject headings 201511121735
Level of effort used to assign classification VLOAD
Level of effort used to assign subject headings 201507071659
Level of effort used to assign classification VLOAD
040 ## - CATALOGING SOURCE
Original cataloging agency BJKDG
Language of cataloging slo
Transcribing agency BJKDG
Modifying agency SNK
Description conventions AACR2
041 1# - LANGUAGE CODE
Language code of text/sound track or separate title slo
Language code of original eng
044 ## - COUNTRY OF PUBLISHING/PRODUCING ENTITY CODE
MARC country code xo
ISO country code SK
072 #7 - SUBJECT CATEGORY CODE
Subject category code 821-93
Subject category code subdivision Literatúra pre deti a mládež (beletria)
Source konspekt
080 ## - UNIVERSAL DECIMAL CLASSIFICATION NUMBER
Universal Decimal Classification number 821(100)-343
Edition identifier 2001
080 ## - UNIVERSAL DECIMAL CLASSIFICATION NUMBER
Universal Decimal Classification number (0:82-93)
Edition identifier 2001
240 10 - UNIFORM TITLE
Uniform title My Treasury of Fairy Tales
Language of a work Slovensky
245 10 - TITLE STATEMENT
Title Moje najmilšie rozprávky
Statement of responsibility, etc. [z anglického originálu preložila Mária Klenková ; ilustrátori: Mirela Tufan ... [et al.]]
260 ## - PUBLICATION, DISTRIBUTION, ETC.
Place of publication, distribution, etc. Bratislava
Name of publisher, distributor, etc. Slovart
Date of publication, distribution, etc. 2012
300 ## - PHYSICAL DESCRIPTION
Extent 192 s.
Other physical details ilustr.
Dimensions 29 cm
655 #7 - INDEX TERM--GENRE/FORM
Genre/form data or focus term autorské rozprávky
Source of term SNKPH
655 #7 - INDEX TERM--GENRE/FORM
Genre/form data or focus term svetová próza
Source of term SNKPH
655 #7 - INDEX TERM--GENRE/FORM
Genre/form data or focus term World prose literature
Source of term SNKPHeng
655 #7 - INDEX TERM--GENRE/FORM
Genre/form data or focus term Fairy tales
Source of term SNKPHeng
700 1# - ADDED ENTRY--PERSONAL NAME
Personal name Klenková, Mária
Relationship trl
700 1# - ADDED ENTRY--PERSONAL NAME
Personal name Tufan, Mirela
Relationship ill
700 1# - ADDED ENTRY--PERSONAL NAME
Personal name Aranda, Omar
Relationship ill
700 1# - ADDED ENTRY--PERSONAL NAME
Personal name Petrov, Anton
Relationship ill
700 1# - ADDED ENTRY--PERSONAL NAME
Personal name Byrne, Suzie
Relationship ill
700 1# - ADDED ENTRY--PERSONAL NAME
Personal name Webb, Melissa
Relationship ill
700 1# - ADDED ENTRY--PERSONAL NAME
Personal name Mahardika, Steveie
Relationship ill
700 0# - ADDED ENTRY--PERSONAL NAME
Personal name Brijbasi
Relationship ill
942 ## - ADDED ENTRY ELEMENTS (KOHA)
Source of classification or shelving scheme Dewey Decimal Classification
Koha item type Krásna literatúra pre deti
Suppress in OPAC No
949 ## - LOCAL PROCESSING INFORMATION (OCLC)
6 2889199605
a savukPV 17659
b savuk2013/1675
949 ## - LOCAL PROCESSING INFORMATION (OCLC)
6 273K0561769
a svkpoC 53476
b svkpo563339
949 ## - LOCAL PROCESSING INFORMATION (OCLC)
6 270001000406101
a svkbbC 57380
b svkbbm 733568
949 ## - LOCAL PROCESSING INFORMATION (OCLC)
6 17A1063366
a snkSB 84591
b snk2013/4122
o 134/13
s 6100:20140925
949 ## - LOCAL PROCESSING INFORMATION (OCLC)
6 17A1063367
a snkSB 84591 D1
b snk2013/4123
o 134/13
Holdings
Stav vyradenia Strata Poškodenie Spôsob nadobudnutia Domovská knižnica Aktuálna knižnica Dátum nadobudnutia Total checkouts Čiarový kód exemplára Date last seen Typ exemplára
      Dar Obecná knižnica Turčianska Štiavnička Obecná knižnica Turčianska Štiavnička 09.03.2026   4738000265 09.03.2026 Krásna literatúra pre deti
Projekt je podporený Slovenskou asociáciou knižníc
Prevádzkuje Turčianska knižnica Martin 2026